000 01137nas a2200289 4500
001 BR2011007222
003 BR-BrBNA
005 20231205115742.0
007 ta
008 230509b bl.|||p| |||| 00| 00por d
040 _aBR-BrBNA
_bpor
_cBiblioteca Nacional de Agricultura
041 _a(Pt)
072 _aL70
100 1 _aFerreira, F.S.
100 1 _aPontes, L.A.E.
100 1 _aCarvalho, C.B.
100 1 _aOliveira, A.L.A.
245 1 _aBloqueio atrioventricular de terceiro grau e óbito por anestésico tópico com fenilefrina em coelho (oryctolagus cuniculus)- Relato de caso
246 1 _aThird-degree atrioventricular trioventricular block and death by topical anesthesic with phenylephrine in rabbit (oryctolagus cuniculus)- Case report
650 _aANESTESIA
650 _aARRITMIA
650 _aEXPERIÊNCIA DE LABORATÓRIO
650 _aCOELHO
773 0 _tMEDVEP. Revista Científica de Medicina Veterinária. Pequenos Animais e Animais de Estimação (Brazil)
_xISSN 1678-1430
_g(Apr-Jun 2010), v. 8(25) p. 188-192
_wBR2011007222
909 _a202311
_bLúcia
_c55
_dLúcia Elande
942 _2AGRIS
_n0
_cANA
999 _c215524
_d215524